| 000 | 00495nam a2200181 a 4500 | ||
|---|---|---|---|
| 005 | 20250115063756.0 | ||
| 008 | 030825s1973 mx r 000 0 spa d | ||
| 035 | _aUPN01000128167 | ||
| 049 | _aCG | ||
| 050 | 4 |
_aU162 _bB4.3 |
|
| 100 | 1 | _aBeaufre, André | |
| 245 | 1 | 0 |
_aEstrategia de la acción / _cGeneral Beaufre ; tr. J. T. Goyret. |
| 260 |
_aBuenos Aires : _bPleamar, _cc1973. |
||
| 300 | _a166 p. | ||
| 440 | 0 | _aEstrategia y política | |
| 650 | 2 |
_aEstrategia _920563 |
|
| 905 | _aLibro | ||
| 999 |
_c100346 _d100346 |
||